000 00563nam a22001817a 4500
999 _c4032
_d4032
001 10839
003 BD-DhUAP
005 20200316161543.0
008 200316r200 1999ii ||||| |||| 00| 0 eng d
040 _aBD-DhUAP
_bEng
_cBD-DhUAP
_dBD-DhUAP
082 _223
_a423 EVE
245 _aEveryman's dictionary :
_b[English-Bengali] /
_cEdited by Gouri Prasad Ghosh.
260 _aKolkata :
_bRamkrishna Pustakalaya,
_cc1999 [Reprinted 2007].
300 _axxiv, 1960 pages ;
_c22 cm.
650 _aEnglish Dictionary.
700 _aGhosh, Gouri Prasad.
942 _2ddc
_cREF